00597nam a2200205Ia 450000500170000000800410001702000100005804000190006804100120008708200150009910000220011424500710013625000200020726000360022730000150026350400360027865000400031470000270035485000100038120240309094634.0131103s9999 xx 000 0 und d aRs.12 aLoreto College aEnglish a371.4bBER aBernard,Harold W. aPrinciples of Guidance, cHarold W.Bernard and Daniel W.Fullmer a a basic level  aBombaybAllied Publishersc1972 axv,299 p.  aIncludes bibliography and index aEducational and Vocational Guidance aFullmer,Daniel W.,auth aLCLIB